[Event "Altibox Norway Chess NGP 2017"]
[Site "Stavanger, Rogaland NOR"]
[Date "2017.06.11"]
[Round "6"]
[White "Jakobsen, Oskar Feed"]
[Black "Lea, Per"]
[Result "1-0"]
[WhiteElo "1394"]
[BlackElo "1508"]
[Annotator "Lea, Per"]
[PlyCount "51"]
[EventDate "2017.06.09"]

1. e4 e5 2. Nf3 Nc6 3. Bc4 Nf6 4. d3 ({Mye morsommere å spille} 4. Ng5 d5 ({
For ikke å snakke om} 4... Bc5 5. Nxf7 Bxf2+ 6. Kxf2 Nxe4+ 7. Kg1 Qh4 8. g3) 5.
exd5 Na5 6. Be2 h6 7. Nf3 e4 8. Ne5 Qxd5 9. f4 Bc5 10. Rf1) 4... Bc5 5. h3 d6
6. c3 h6 7. Bb3 O-O 8. Nbd2 Be6 {Litt skummelt. Hvis hvit flytter løperen unna
diagonalen a2-g8, kan bondeframstøtet d3-d4-d5 bli direkte avgjørende.} 9. Bc2
Qd7 ({Det er sannsynligvis bedre å gjøre noe på dronningfløyen, f. eks.} 9...
a5 10. O-O {og først nå} Qd7) (9... b5 10. Nb3 Bb6 11. O-O a5) (9... Bb6 10.
O-O a6 11. Nc4 Ba7) 10. Nf1 (10. b4 Bb6 11. a4 a6 {og hvit begynner å få et
lite initiativ}) 10... d5 11. Qe2 ({Det enkleste er ofte det beste:} 11. exd5
Nxd5 12. Ng3 {med lik stilling}) 11... dxe4 ({Stockfish foreslår} 11... b5 {
med ørliten fordel for svart} 12. Ng3 dxe4 13. Nxe4 Nxe4 14. dxe4 Bc4 15. Qd1
Qe6) 12. dxe4 Bd6 (12... Nh5 13. Nxe5 Nxe5 14. Qxh5 f5 15. Nd2 {Det minste av
mange onder} (15. exf5 Bxf5 16. Ne3 Bxc2 17. Qxe5 Rae8 18. Qh5 (18. Qxc5 $4
Qd1#)) 15... Nd3+ 16. Bxd3 Qxd3 17. e5 Rad8 {og svart har en behagelig stilling
}) 13. g4 Nh7 14. Ng3 Rad8 15. Bd2 a5 16. Nf5 Bxf5 ({Litt mindre dårlig er
kanskje} 16... Ne7 17. h4 a4 18. Rg1 a3 19. b3 Ng6) 17. gxf5 f6 $4 {Svart er
under press, og jeg håpet at teksttrekket vill demme opp for det hvite
angrepet, men jeg glemmer helt at dette åpner opp for løperdiagonalen a2-g8} ({
Stockfish foreslår} 17... Nb8 {- et trekk jeg aldri ville ha vurdert, og
heller ikke skjønner poenget med.}) 18. Nh4 Ne7 19. Bxh6 {Unødvendig offer,
men det førte allikevel fram...} (19. Rg1 Ng5 20. Bxg5 fxg5 21. Rxg5 $1 hxg5
22. Bb3+ Rf7 (22... Kh8 $4 23. Qh5#) 23. Qh5 Qe8 24. Ng6 Nxg6 25. fxg6 Rdd7 26.
Qh7+ Kf8 27. Bxf7 Rxf7 28. Qh8+ Ke7 29. Qxe8+ Kxe8 30. gxf7+ Kxf7 {og hvit
vinner}) 19... gxh6 20. Qh5 Kg7 21. Ng6 $2 (21. Rg1+ Ng5 22. Nf3 Qe8 23. Qxe8
Rfxe8 24. h4 Rh8 25. Ke2 (25. hxg5 hxg5 {med lik stilling})) 21... Rfe8 $2 (
21... Qe8 $3 22. Rg1 (22. Nxe7 Bxe7 23. Rg1+ Kh8 24. Qxh6 Rg8 {og angrepet er
stoppet}) 22... Ng5 23. h4 Nxg6 24. hxg5 fxg5 {og det er svart som bør vinne})
22. O-O-O (22. Rg1 {er klar fordel for hvit}) 22... Ng5 $4 (22... Nxg6 23. Rhg1
Nhf8 24. Rxg6+ Nxg6 25. Qxg6+ Kh8 26. Qxh6+ Qh7 27. Qxf6+ Qg7 28. Qh4+ Qh7 (
28... Kg8 29. Bb3+ Kf8 30. f6 {er forsert matt i høyst 6 trekk}) 29. Qf6+ Qg7
30. Qh4+ {Remis}) 23. h4 Nf7 {Spilt i den tro at h6 må garderes, men det
holder ikke.} 24. Rhg1 Kh7 25. Nxe7 Rxe7 26. Qg6+ 1-0

[Event "Altibox Norway Chess NGP 2017"]
[Site "Stavanger, Rogaland NOR"]
[Date "2017.06.11"]
[Round "7"]
[White "Lea, Per"]
[Black "Lima, Steinar"]
[Result "1-0"]
[WhiteElo "1508"]
[BlackElo "1223"]
[Annotator "Lea, Per"]
[PlyCount "45"]
[EventDate "2017.06.09"]

1. e4 c5 2. Nf3 d6 3. d4 cxd4 4. Nxd4 Nf6 5. Nc3 a6 6. Bg5 g6 7. Qd2 Bg7 8. Bh6
O-O 9. Bxg7 Kxg7 10. Be2 b5 11. f3 Bb7 12. O-O-O Nbd7 13. g4 Ne5 $2 14. g5 Nfd7
$2 15. f4 Nc4 16. Qe1 $2 (16. Bxc4 bxc4 17. h4 Nc5 18. Qe3 $18) 16... e6 $2 (
16... Rc8 {og hvit står bare litt bedre}) ({Etter partiet foreslo motstanderen
at han egentlig hadde tenkt å spille} 16... e5 {og angret med en gang at han
bare hadde gått ett skritt fram. Vi fant ut at det var mye bedre enn
teksttrekket, men der er ikke Stockfish helt enig.}) 17. h4 b4 $4 18. Bxc4 bxc3
19. Qxc3 $2 (19. Nxe6+ {med en gang var mer forsert}) 19... Kg8 $2 (19... e5 {
er en mye bedre måte å hindre dronningsjakken på, men hvit ville uansett hatt
avgjørende fordel}) 20. Nxe6 $1 {Vinner materiell forsert - og partiet} fxe6
21. Bxe6+ Rf7 22. Bxf7+ Kxf7 23. Qb3+ {Løperen på b7 faller, og hvit leder med
kvalitet+3 bønder} 1-0

[Event "Altibox Norway Chess NGP 2017"]
[Site "Stavanger, Rogaland NOR"]
[Date "2017.06.09"]
[Round "4"]
[White "Moberg, Jan Rune"]
[Black "Ziegler, Lars"]
[Result "1-0"]
[WhiteElo "1507"]
[BlackElo "1405"]
[PlyCount "65"]
[EventDate "2017.06.09"]

1. d4 e6 2. Bf4 Nf6 3. Nf3 c5 4. e3 b6 5. Be2 Ba6 6. c4 cxd4 7. Nxd4 Bb4+ 8.
Nc3 d6 9. O-O Bxc3 10. bxc3 e5 11. Bf3 e4 12. Be2 O-O 13. Nf5 d5 14. cxd5 Bxe2
15. Qxe2 Nxd5 16. Qg4 Qf6 17. Bg5 Qg6 18. Rad1 f6 19. Qxe4 Nxc3 20. Ne7+ Kf7
21. Qxa8 Qxg5 22. Qxa7 Nxd1 23. Rxd1 Qg4 24. Rd4 Qe2 25. g3 Qa6 26. Qc7 Qa5 27.
Nf5+ Kg6 28. Nh4+ Kh6 29. Nf5+ Kg6 30. Qxg7+ Kxf5 31. Qxf8 Qxa2 32. Rf4+ Ke5
33. Qxf6+
1-0

[Event "Altibox Norway Chess NGP 2017"]
[Site "Stavanger, Rogaland NOR"]
[Date "2017.06.09"]
[Round "3"]
[White "Bø, Martin"]
[Black "Hestholm, Sverre"]
[Result "1-0"]
[WhiteElo "1406"]
[BlackElo "1266"]
[Annotator "Bø, Martin"]
[PlyCount "67"]
[EventDate "2017.06.09"]

{Hurtigsjakkpartiet fra runde 3. Veldig solid, og får en grei fordel ut av
åpningen. Etter 17.. c5 er partiet i praktisk talt tapt i hurtigsjakk} 1. d4
Nf6 2. c4 e6 3. g3 Bb4+ 4. Bd2 Qe7 5. Bg2 d5 6. Nf3 O-O 7. O-O Bxd2 8. Nbxd2 c6
9. Qc2 b6 10. e4 dxe4 11. Nxe4 Bb7 12. Nxf6+ Qxf6 13. Ne5 Rd8 14. Rad1 Qe7 15.
Rfe1 f6 16. Nf3 Na6 17. a3 c5 $2 {Tematisk, men fungerer ikke taktisk for sort}
18. d5 e5 19. Qd3 Rd6 20. Nd2 Rad8 $2 21. Ne4 R6d7 22. Bh3 Rd6 23. Nxd6 Rxd6
24. f4 $1 b5 25. b3 bxc4 26. bxc4 Nc7 27. fxe5 fxe5 28. Qe3 Ba6 29. Qxc5 e4 30.
Qe3 Bxc4 31. Qxe4 Qxe4 32. Rxe4 Rxd5 33. Rxd5 Bxd5 34. Ra4 1-0

[Event "Altibox Norway Chess NGP 2017"]
[Site "Stavanger, Rogaland NOR"]
[Date "2017.06.10"]
[Round "4"]
[White "Haubrick, Sidney"]
[Black "Bø, Martin"]
[Result "0-1"]
[WhiteElo "1126"]
[BlackElo "1406"]
[Annotator "Bø, Martin"]
[PlyCount "62"]
[EventDate "2017.06.09"]

1. d4 Nf6 2. c4 e6 3. a3 {Unødvendig og passivt} d5 4. Bg5 h6 5. Bh4 c6 6. cxd5
exd5 7. e3 Bf5 {Ved at hvit spilte a3 er vi i praksis i en av hovedvariantene
i carlsbad strukturen, men sort er opp et tempo og får utviklet løperen til f5
da a3 blir spilt for tidlig} 8. Nc3 Nbd7 9. Be2 Bd6 10. Nf3 O-O 11. h3 {
svekker g3 feltet og oppnår ingenting. Sort kan nå vinne en bonde med g5, men
likte at hvit fikk muligheten til å ofre på g5 og komplisere stillingen. Sort
står bedre, og er ikke nødvendig med for store komplikasjoner} Qc7 (11... g5
12. Nxg5 hxg5 13. Bxg5) 12. b4 Ne4 {Forbereder g5} 13. Qb3 (13. Nxe4 dxe4 14.
Nd2 g5 15. Bg3 Bxg3 16. fxg3 Qxg3+) 13... a6 14. Rc1 Ndf6 15. Bxf6 Nxf6 16. Nh4
Bh7 17. Nd1 Ne4 18. Nf3 f5 19. b5 $2 axb5 20. Bxb5 $4 Qa5+ 21. Nc3 Nxc3 22.
Rxc3 Qxb5 23. Qxb5 cxb5 24. O-O Rxa3 25. Rcc1 f4 26. Rb1 Bxb1 27. Rxb1 b4 28.
Nh4 fxe3 29. fxe3 b3 30. Ng6 Rf6 31. Nh4 b2 0-1

[Event "Altibox Norway Chess NGP 2017"]
[Site "Stavanger, Rogaland NOR"]
[Date "2017.06.11"]
[Round "7"]
[White "Kristiansen, Snorre"]
[Black "Bø, Martin"]
[Result "0-1"]
[WhiteElo "1470"]
[BlackElo "1406"]
[Annotator "Bø, Martin"]
[PlyCount "102"]
[EventDate "2017.06.09"]

1. e4 c5 2. Nf3 d6 3. d4 cxd4 4. Nxd4 Nf6 5. Nc3 g6 6. Be3 Bg7 7. f3 O-O 8. Qd2
Nc6 9. Bc4 Bd7 10. Bb3 Rc8 11. g4 (11. O-O-O Ne5 12. Kb1 Nc4 13. Bxc4 Rxc4 14.
g4 {Er muligens det mest kritiske og moderne varianten for hvit, og scorer 72%
i min database}) 11... Ne5 12. h4 Nc4 {Vanlig manøver for sort som vinner
løperparet mot et par tempo} 13. Bxc4 Rxc4 14. O-O-O b5 $1 {Et tematisk
bondeoffer i disse varianten, og uten å ha regna for mye konkluderte jeg med
at en åpen b-linje er mye mer verdifult enn en bonde. Samme gjorde min
motstander og valgte å avslå offeret} 15. h5 {Av variantene under ser man hvit
fort kan havne i trøbbel} (15. Ndxb5 Qa5 (15... Bxb5 $5 16. Nxb5 Qb8 17. Nc3
Rfc8 $17) 16. Nd4 Rfc8 17. Kb1 Rxc3 18. bxc3 Bxg4 $3 19. Nb3 (19. fxg4 Nxe4 20.
Qd3 Nxc3+ 21. Kc1 Nxa2+ 22. Kb1 Rb8+ 23. Nb3 Nc3+ 24. Kb2 Ne2+ 25. Bd4 Nxd4 26.
Qxd4 Qb4 27. Qxg7+ Kxg7) 19... Qc7 20. Rdf1 Be6 $17) 15... b4 16. Nce2 a5 $6 (
16... Qa5 17. Kb1 Rfc8 {Er bedre enn a5 som ble spilt i partiet. Hvit har i
følge stockfish en ørliten fordel, men dette kan gå begge veier}) 17. hxg6 (17.
Kb1 $1 e5 18. h6 Bh8 19. Nf5 Bxf5 20. exf5 e4 21. Nd4 {Og hvit får et solid
initiativ}) 17... fxg6 18. Nf4 (18. b3 {Er litt mer nøyaktig, siden Tc8 er det
beste trekket for sort har jeg ikke Dc8 som et mulig trekk å møte Sf4 med} Rc8
19. Nf4 a4 20. Nde6 axb3 21. Nxd8 Rxc2+ 22. Qxc2 bxc2 23. Rd2 (23. Kxc2 Ba4+
24. Kb1 Bxd1 25. Rxd1 Rxd8) 23... Rxd8 $13) 18... Qc8 19. Kb1 $2 (19. b3 Rc5
20. g5 Rxg5 21. Nfe6 Bxe6 22. Bxg5 Bd7 $14) 19... e5 20. g5 $2 (20. Nxg6 hxg6
21. Nb3) 20... exd4 $2 (20... exf4 $1 21. Bxf4 (21. gxf6 fxe3 22. Qxe3 Bxf6 23.
Ne2 Rxc2) 21... Nxe4 22. fxe4 Rxd4 23. Qe3 Rxd1+ 24. Rxd1 Ba4 25. b3 Qg4 26.
Rg1 Qxf4 27. Qxf4 Rxf4 28. bxa4) 21. gxf6 dxe3 $4 {Taper partiet på flekken
etter Dd5+} 22. Qxd6 $4 (22. Qd5+ Kh8 (22... Be6 23. Nxe6 Rxf6 24. Ng5+ Kf8 25.
Nxh7+ Ke7 26. Nxf6 Bxf6 27. Rh7+ Bg7 28. Rxg7+ Kf8 29. Qf7#) 23. Nxg6#) 22...
Rxf6 23. Qxf6 Bxf6 24. Nd5 Bd8 {Og sort står klart til vinst} 25. Nxe3 Rc5 26.
Rd2 Bg5 27. Rhd1 Rc7 28. Nd5 Bxd2 29. Ne7+ Kg7 30. Nxc8 Bxc8 31. Rxd2 Rd7 32.
Kc1 Rxd2 33. Kxd2 h5 34. Ke3 h4 35. c3 h3 36. Kf2 Kf6 37. cxb4 axb4 38. a3 bxa3
39. bxa3 Ke5 40. Kg3 Kd4 41. Kf2 h2 42. Kg2 Ke3 43. Kxh2 Kxf3 44. a4 Kxe4 45.
a5 Kf3 46. Kg1 g5 47. a6 Bxa6 48. Kh2 g4 49. Kh1 Kf2 50. Kh2 g3+ 51. Kh3 g2 0-1

[Event "Serbian Open Chess Championship 2016"]
[Site "Novi Sad SRB"]
[Date "2016.11.05"]
[Round "1"]
[White "Maksimovic, Bojan"]
[Black "Bø, Martin"]
[Result "1-0"]
[WhiteElo "2215"]
[BlackElo "1512"]
[Annotator "Bø, Martin"]
[PlyCount "46"]
[EventDate "2016.11.05"]

1. e4 c5 2. Nf3 d6 3. d4 cxd4 4. Nxd4 Nf6 5. Nc3 g6 6. Be3 Bg7 7. f3 Nc6 8. Bc4
O-O 9. Qd2 Bd7 10. Bb3 Rc8 11. O-O-O Ne5 12. h4 Nc4 (12... h5 {er vanligere})
13. Bxc4 Rxc4 14. h5 b5 $6 (14... Nxh5 {er det objektivt beste, men likte ikke
angrepet hvit får etter g4 g5}) 15. hxg6 fxg6 16. Kb1 ({Bonden kan slås i
følge computeren, men tror de fleste som spiller sort her vil være fornøyde
med initiativet man får for bonden} 16. Ndxb5) 16... b4 17. Nce2 a5 18. e5 Nd5
19. Bh6 Bxe5 $1 {Beholder den viktige drageløperen samt får en bonde for
kvaliteten.} 20. Bxf8 Qxf8 21. f4 Bxd4 $6 {computeren liker sort, men vil
vanligvis være en dårlig ide å gi opp drageløperen.} (21... Bg7) 22. Nxd4 Qxf4
23. Qd3 Rc8 $4 {Taper partiet på flekken.} (23... Rc5) (23... Qf7 24. Qxc4 $4
Nc3+) (23... Nb6) 1-0

[Event "Serbian Open Chess Championship 2016"]
[Site "Novi Sad SRB"]
[Date "2016.11.06"]
[Round "3"]
[White "Bø, Martin"]
[Black "Banovic, Ivan"]
[Result "0-1"]
[WhiteElo "1512"]
[BlackElo "2208"]
[Annotator "Bø, Martin"]
[PlyCount "68"]
[EventDate "2016.11.05"]

1. d4 Nf6 2. c4 g6 3. Nc3 Bg7 4. e4 d6 5. Nf3 O-O 6. Be2 Bg4 {Ikke den
vanligste varianten i kongeindisk} 7. O-O Nfd7 8. Be3 c5 9. dxc5 {Spillbart,
men mye bedre er 9. d5} dxc5 10. h3 Bxf3 11. Bxf3 {Sort får god kontroll over
det viktige d4 feltet, og jeg må gjøre noe med det fort som bare det} Nc6 12.
Be2 {med ideen om f4 Lf3 e5 og bytte hvitfeltsløperen mot en springer} Nd4 13.
f4 Nb8 14. Bf3 Nbc6 15. e5 Qa5 16. Bxc6 bxc6 17. Rc1 Rfd8 18. Qa4 $6 {Gir opp
en kvalitet, men var overbevist om at sluttspillet var remis aktig eller bedre
for hvit, noe som viste seg å stemme. Hvit har aktive offiserer mens sorts
løper er innelåst og tårnene har dårlig adgang til felter i d-linja} Qxa4 19.
Nxa4 Ne2+ 20. Kf2 Nxc1 21. Rxc1 Rab8 22. Bxc5 Rd2+ 23. Kf3 Rb7 24. Be3 Rd8 25.
b3 Rbd7 26. Nc5 Rd1 27. Ke2 (27. Nb7 R8d7 (27... Rxc1 28. Nxd8 Rf1+ 29. Ke2 Ra1
30. a4 Rb1 31. Nxc6 Rxb3 32. Nxe7+) 28. Nc5 Rd8 29. Nb7 {er en mulig
fortsettelse}) 27... Rxc1 28. Bxc1 g5 29. e6 $6 (29. g3 {med store
remissjangser}) 29... Bd4 30. Be3 $2 (30. Nd3) (30. Nb7) 30... Bxe3 31. Kxe3 {
og nå står sort klart bedre} gxf4+ 32. Ke2 Rd6 33. exf7+ Kxf7 34. Nd3 Re6+ 0-1

[Event "Serbian Open Chess Championship 2016"]
[Site "Novi Sad SRB"]
[Date "2016.11.07"]
[Round "4"]
[White "Bø, Martin"]
[Black "Kozomora, Dragan"]
[Result "0-1"]
[WhiteElo "1512"]
[BlackElo "2076"]
[Annotator "Bø, Martin"]
[PlyCount "106"]
[EventDate "2016.11.05"]

1. d4 Nf6 2. c4 c5 3. d5 b5 4. cxb5 a6 5. bxa6 g6 6. Nc3 d6 7. e4 Bg7 8. h3 O-O
9. Bd3 Bxa6 10. Bxa6 Nxa6 11. Nge2 Qb6 12. O-O Qb4 13. Qc2 Rfb8 14. Rb1 Nc7 15.
b3 Nb5 16. Nxb5 Qxb5 17. Nc3 Qa6 18. a4 Rb7 19. Nb5 {Hvit har kommet veldig
fint ut av åpningen, og klart å stått i mot mye av det tidlige presset sort
får i benko gambit varianten. Strukturen med a4 b3 gjør det vanskelig for sort
å finne en aktiv plan, og hvit står klart bedre} Ne8 20. Bb2 Bxb2 21. Rxb2 Nc7
22. Na3 Rab8 23. Nc4 Rb4 24. Rfb1 Na8 25. Na3 Nc7 26. Nc4 Ra8 27. h4 Qc8 28.
Qe2 Qf8 29. Qe3 Qg7 30. g3 Qf6 31. Qf4 Qd4 32. Qe3 Qg7 33. Qg5 Kf8 34. Qg4 {
Ideen her er å spille Dd7, men fikk kalde føtter og trakk dama tilbake. Veldig
få felter inne i sorts leir, og var redd for at dama skulle bli fanget. I
følge computeren er dette ingenting å være redd for, og gir hvit en fordel på
nesten +2} h5 35. Qf4 (35. Qd7 Ne8 36. Qc6 Rab8 37. e5 $3 dxe5 38. Qxc5) 35...
Rab8 36. Na5 $4 (36. Qd2) 36... Nxd5 37. Qd2 Nc3 38. Re1 Nxe4 39. Qe2 d5 40. f3
Nxg3 41. Qxe7+ Kg8 42. Qe5 Nf5 43. Nc6 Rxb3 44. Rxb3 Rxb3 45. Qxd5 Ra3 46. Re8+
Kh7 47. Ne5 Rxa4 48. Qxc5 Rf4 49. Rf8 Nxh4 50. Kf2 Rf5 51. f4 Rxf4+ 52. Kg3 g5
53. Qc2+ Nf5+ 0-1

[Event "Serbian Open Chess Championship 2016"]
[Site "Novi Sad SRB"]
[Date "2016.11.08"]
[Round "5"]
[White "Gajcin, WCM Jasmina"]
[Black "Bø, Martin"]
[Result "0-1"]
[WhiteElo "1977"]
[BlackElo "1512"]
[Annotator "Bø, Martin"]
[PlyCount "94"]
[EventDate "2016.11.05"]

1. e4 c5 2. Nf3 d6 3. Bb5+ Bd7 4. c4 Nf6 5. Nc3 Bxb5 6. cxb5 g6 7. d4 cxd4 8.
Nxd4 Bg7 9. O-O O-O 10. Be3 Nbd7 11. Qe2 {Alle trekkene til nå er spilt før,
men kan ærlig innrømme jeg ikke hadde forberedt lengre enn 3.. Ld7} d5 {Er det
kritiske trekket i stillingen, og er spilt to ganger før. Ingen andre trekk
har blitt prøvd her} 12. exd5 Nb6 13. d6 {Og her er vi i ukjent farvann.
Tidligere er Td1 spilt i begge partiene} Qxd6 14. Nb3 Rac8 15. Rfd1 Qe5 16. Qf3
Qc7 17. Rac1 Nc4 $1 18. Ne2 Rfd8 19. Rxd8+ Rxd8 20. Nbd4 {truer b3} Qa5 21. Bg5
$2 {Ser logisk ut, men etter h6 forlater løperen beskyttelsen av d2, og gir
den sorte dama innpass.} (21. Rxc4 Qe1#) 21... h6 22. Bh4 Qd2 23. Qc3 {Eneste
trekket som holder sort inne i partiet} Qxc3 24. Rxc3 Nxb2 25. Rc2 e5 26. Rxb2
exd4 27. Rd2 g5 $1 28. Bg3 {Vi er nå over i et nesten vunnet sluttspill der
hvit's sorte løpere står dårlig og sort har en ekstra fribonde} Ne4 29. Rd3 Nc5
30. Rd1 d3 31. Nc1 d2 32. Ne2 Ne4 (32... Na4 $3 {der Sb2 og ytterligere
materiell vinst ikke kan stoppes}) 33. f4 b6 34. fxg5 hxg5 35. Bf2 f5 36. g3
Rd5 37. a4 Rd3 38. Kf1 Ra3 39. Nd4 Rd3 40. Ke2 Rxd4 41. Bxd4 Bxd4 42. Rf1 Bf2
$3 {Kan ikke tas pga d1=D og truer Le1 etterfulgt av Sd3 eller Sf2 og d1=D} 43.
Ra1 Be1 44. a5 Nc3+ 45. Kf1 d1=Q 46. Rxd1 Nxd1 47. Kxe1 Nc3 0-1

[Event "Serbian Open Chess Championship 2016"]
[Site "Novi Sad SRB"]
[Date "2016.11.09"]
[Round "6"]
[White "Rasic, Jovan"]
[Black "Bø, Martin"]
[Result "1-0"]
[WhiteElo "2127"]
[BlackElo "1512"]
[Annotator "Bø, Martin"]
[PlyCount "45"]
[EventDate "2016.11.05"]

1. e4 c5 2. d4 cxd4 3. c3 d5 4. exd5 Qxd5 5. Nf3 Nf6 6. cxd4 {Hvit får en
isolert bonde, så nå er sort sin plan ganske enkel - å bytte av offiserer og
blokkere d5 feltet} e6 7. Nc3 Qd8 8. Bd3 Nc6 9. O-O Be7 10. Re1 O-O 11. h3 b6
12. Bg5 Nb4 13. Bc4 Bb7 14. Qb3 Nbd5 15. Rad1 Rc8 16. Ne5 Nxc3 17. bxc3 Bd5 18.
Bxd5 Nxd5 19. Bxe7 Nxe7 20. c4 {Stillingen er i balanse, men sort må være
forsiktig og ikke tillate hvit å spille c5 eller d5 på et gunstig tidspunkt}
Qc7 $6 (20... Nc6 21. Nxc6 Rxc6 22. d5 exd5 23. cxd5 Rd6) 21. d5 Qd6 $4 22.
dxe6 Qxe6 23. Nd7 1-0

[Event "NM for ungdom 2016, gruppe C"]
[Site "Trondheim, Sør-Trøndelag NOR"]
[Date "2016.11.04"]
[Round "1"]
[White "Jacobsen, Fredrik Lytomt"]
[Black "Midtgard, Anders"]
[Result "1-0"]
[WhiteElo "877"]
[BlackElo "1105"]
[Annotator "Lea, Per"]
[PlyCount "78"]
[EventDate "2016.11.04"]

1. d4 e6 2. Nf3 Nf6 3. e3 c5 4. Bd3 d5 5. b3 Nc6 6. O-O Be7 7. Bb2 O-O 8. Nbd2
Qc7 9. a3 b6 10. Ne5 cxd4 ({Bedre er kanskje} 10... Bb7 11. f4 h6 12. dxc5 Nxe5
13. Bxe5 Qxc5 14. Qf3) 11. exd4 (11. Nxc6 Qxc6 12. exd4 Bb7) 11... g6 $2 {Nå
tipper pila over til hvit. Spørsmålstegnet ble egentlig satt før jeg så
fortsettelsen. Trekk som dette er som regel en svekkelse av feltene h6 og f6,
men svart tar seg pent inn igjen ved å overføre løperen til g7. Men svart får
uansett et angrepsmål.} 12. f4 Rd8 13. Qf3 Bf8 $1 {Konsekvent plan! Allikevel
står hvit litt bedre med en fin springerutpost (som kan falle når som helst,
men en hvit bonde på e5 kan også utgjøre en trussel.} 14. Qh3 Bg7 15. Ndf3 h6 {
En springer på g5 ville ikke vært noe moro for svart. Men bondetrekket gjør at
det blir enda et angrepsmål. Som en eller annen sa: "Ethvert bondetrekk er en
svekkelse"} 16. Rac1 Nxe5 $2 17. fxe5 Ne4 18. c4 $1 Qd7 (18... Qe7 {var nok å
foretrekke. Det gir blant annet et felt mer som Lc8 kan utvikles til.}) 19.
cxd5 exd5 20. Qh4 {Ingen grunn til at hvit ikke skal bytte dronninger her,
etterfulgt av å plassere et tårn på 7. raden.} g5 $2 ({Etter} 20... Bb7 21. Rc2
Rac8 22. Rxc8 (22. Rfc1 Rxc2 23. Rxc2 Rc8 24. Rxc8+ Qxc8 {og svart har utliknet
}) 22... Rxc8 23. Qf4 Rc7 24. b4 {og hvit har en minimal fordel}) 21. Qh5 Qg4
$2 {Tillater hvit å få plantet et tårn på 7. raden. Hvits dronning ser ikke
spesielt faretruende ut på h5, så der kunne hun godt få stå litt til.} 22. Qxg4
Bxg4 23. Rc7 Rdc8 24. Rb7 $2 Rcb8 25. Bxe4 dxe4 26. Rxb8+ Rxb8 27. h3 {Nå er
det hvite overtaket helt borte. Svarts hvitfeltsløper er trolig sterkere enn
hvits springer i denne stillingen.} Be6 28. Nd2 e3 {fristende, men den bonden
kan fort bli svak.} (28... Bd5 29. Nc4 Rc8 30. Nd6 Rc2 31. Rf2 Rxf2 32. Kxf2
e3+ 33. Kxe3 Bxg2 34. Nc8 Bxh3 35. Nxa7 f6 36. b4 (36. exf6 Bxf6 {begynner å
bli veldig bra for svart. "Svarte fribønder går fortest"}) 36... h5 {med liten
fordel for svart}) 29. Nc4 b5 30. Nxe3 Bxb3 {Nå begynner de hvite
sentrumsbøndene å bli farlige!} 31. Nf5 (31. Bc3 Rc8 32. Bb4 a6 33. g4 {var et
bedre forsøk}) 31... Bc4 (31... Bf8 32. Rc1 a5 33. Kf2 b4 {bør være grei remis}
) 32. Rf2 (32. Rd1 {for å understøtte fribonden virker som det naturlige
trekket her.}) 32... b4 33. Ne7+ Kf8 {Nå har hvit og svart gjort suboptimale
trekk flere ganger etter hverandre. Men det er ikke alltid så enkelt å finne
den rette planen.} 34. Nc6 Rb6 35. Nxb4 a5 36. Rc2 axb4 $2 {Tapstrekket. Å
beholde løperparet hadde vært å foretrekke.} 37. Rxc4 bxa3 38. Bxa3+ Kg8 {
Skjønner ikke notasjonen herfra og ut...} 39. Rc8+ Kh7 1-0

[Event "NM for ungdom 2016, gruppe C"]
[Site "Trondheim, Sør-Trøndelag NOR"]
[Date "2016.11.04"]
[Round "2"]
[White "Midtgard, Anders"]
[Black "Næss, Maria"]
[Result "0-1"]
[WhiteElo "1105"]
[BlackElo "1500"]
[Annotator "Lea, Per"]
[PlyCount "60"]
[EventDate "2016.11.04"]

1. d4 f5 2. Nf3 g6 3. e3 Nf6 4. Bd3 Bg7 5. O-O O-O 6. Nbd2 d6 7. b3 Kh8 8. Bb2
Nc6 9. a3 Qe8 10. c4 e5 11. Bc2 (11. d5 {er et godt alternativ her. Etter
teksttrekket blir den svarte bondekjeden på kongefløyen ekkel.}) 11... e4 12.
Ne1 (12. Ng5 {kan virke litt rart fordi den blir jaget bort med en gang, men
prisen svart i så fall må betale, er en litt naken konge. På e1 står
springeren stort sett bare i veien.} h6 13. Nh3 g5 14. Rc1 {burde være helt
greit for hvit}) 12... d5 (12... b5 13. cxb5 Ne7 14. a4 a6 {gir større fordel,
men er nok ikke så lett å se}) 13. c5 {gir en tilsynelatende sterk bondekjede,
svart kunne utnyttet sine sjanser bedre her.} g5 (13... f4 14. exf4 Bg4 15. Qc1
e3 16. fxe3 Qxe3+ 17. Kh1 Be2 18. Rf3 (18. Rg1 Ng4 19. Ne4 Qxe4 20. h3 (20.
Bxe4 $4 Nf2#) 20... Nf2+ 21. Kh2 Qe7 {med vinststilling})) 14. f3 exf3 15. Qxf3
Ng4 {Herfra og ut er det enveiskjøring.} 16. Bb1 Nxe3 17. Rf2 Nxd4 18. Bxd4
Bxd4 19. Ra2 Ng4 20. Nd3 Nxf2 21. Nxf2 Qe1+ 22. Nf1 Qxb1 23. Qxd5 Qxa2 24.
Qxd4+ Kg8 25. Qd5+ Kg7 26. Qe5+ Kg6 27. Qxc7 Qxb3 28. Qg3 Qxg3 29. Nxg3 Re8 30.
Kf1 Re3 0-1